Progress in organic chemistry. (Butterworths Scientific Publications) London. (Record no. 4699)
[ view plain ]
| 000 -LEADER | |
|---|---|
| fixed length control field | 00608cas a22001813 4500 |
| 001 - CONTROL NUMBER | |
| control field | 0000004889 |
| 005 - DATE AND TIME OF LATEST TRANSACTION | |
| control field | 20170406120203.0 |
| 008 - FIXED-LENGTH DATA ELEMENTS--GENERAL INFORMATION | |
| fixed length control field | 890127u xx u 0 0 0und |
| 010 ## - LIBRARY OF CONGRESS CONTROL NUMBER | |
| LC control number | sv 89009362 |
| 035 ## - SYSTEM CONTROL NUMBER | |
| -- | (DLC)sv 89009362 |
| 245 00 - TITLE STATEMENT | |
| Title | Progress in organic chemistry. (Butterworths Scientific Publications) London. |
| 310 ## - CURRENT PUBLICATION FREQUENCY | |
| Current publication frequency | Annual |
| 590 ## - LOCAL NOTE (RLIN) | |
| Local note | "Substitute card--original card missing. Holdings received before 1973 may be incomplete." |
| 908 ## - PUT COMMAND PARAMETER (RLIN) | |
| Put command parameter | 141125 |
| Withdrawn status | Lost status | Source of classification or shelving scheme | Damaged status | Not for loan | Home library | Current library | Shelving location | Date acquired | Full call number | Barcode | Date last seen | Copy number | Price effective from | Koha item type |
|---|---|---|---|---|---|---|---|---|---|---|---|---|---|---|
| Withdrawn | CUZ Harare Campus | CUZ Harare Campus | Open Shelf | 06.04.2017 | QD 261. PRO | BK0005735 | 27.02.2024 | CU10998 | 06.04.2017 | OS Book | ||||
| Withdrawn | CUZ Harare Campus | CUZ Harare Campus | Open Shelf | 06.04.2017 | QD 261. COO | BK0005710 | 27.02.2024 | CU11018 | 06.04.2017 | OS Book | ||||
| Withdrawn | CUZ Harare Campus | CUZ Harare Campus | Open Shelf | 06.04.2017 | QD 261. COO | BK0005719 | 27.02.2024 | CU10884 | 06.04.2017 | OS Book | ||||
| Withdrawn | CUZ Harare Campus | CUZ Harare Campus | Open Shelf | 06.04.2017 | QD 261. COO | BK0005708 | 27.02.2024 | CU10777 | 06.04.2017 | OS Book |